Основы православной культуры (Запись № 1406311)

Подробности
000 -МАРКЕР
контрольное поле 02378nam0a2200385 4500
001 - ИДЕНТИФИКАТОР ЗАПИСИ
контрольное поле RU\NLR\bibl\1741226
005 - ИДЕНТИФИКАТОР ВЕРСИИ
контрольное поле 20180420151744.0
010 ## - МЕЖДУНАРОДНЫЙ СТАНДАРТНЫЙ НОМЕР КНИГИ (ISBN)
Номер (ISBN) 978-5-88313-714-2
Тираж 3000
021 ## - НОМЕР ГОСУДАРСТВЕННОЙ РЕГИСТРАЦИИ
Код страны Российская Федерация
Номер 2011-6269
Номер Листа государственной регистраци 434
035 ## - ДРУГИЕ СИСТЕМНЫЕ НОМЕРА
Идентификатор записи (NLR Aleph) 001732140
100 ## - ДАННЫЕ ОБЩЕЙ ОБРАБОТКИ
Данные общей обработки 20110301d2010 d y0rusy50 ca
101 0# - ЯЗЫК РЕСУРСА
Язык текста, звукозаписи и т.д. русский
102 ## - СТРАНА ПУБЛИКАЦИИ ИЛИ ПРОИЗВОДСТВА
Страна публикации Российская Федерация
105 ## - ПОЛЕ КОДИРОВАННЫХ ДАННЫХ: ТЕКСТОВЫЕ МАТЕРИАЛЫ, МОНОГРАФИЧЕСКИЕ
Кодированные данные о монографическом текстовом документе a |||||||||
200 1# - ЗАГЛАВИЕ И СВЕДЕНИЯ ОБ ОТВЕТСТВЕННОСТИ
Основное заглавие Основы православной культуры
Наименование части История Нового Завета
-- Звезда Рождества
Сведения, относящиеся к заглавию экспериментальное учебное пособие для 6 класса общеобразовательных школ, лицеев и гимназий
Первые сведения об ответственности Н.В. Давыдова, Н.Н. Гатилова, архим. Зиновий (А.А. Корзинкин), В.М. Меньшиков
Последующие сведения об ответственности [науч. рук.: В.М. Меньшиков]
210 ## - ПУБЛИКАЦИЯ, РАСПРОСТРАНЕНИЕ И ДР.
Место издания, распространения и т.д. Курск
Имя издателя, распространителя и т. д. Курский государственный университет
Дата издания, распространения и т.д. 2010
215 ## - ФИЗИЧЕСКАЯ ХАРАКТЕРИСТИКА
Специфическое обозначение материала и объем 208 с.
Другие сведения о физической характеристике цв. ил.
Размеры 24
300 ## - ОБЩИЕ ПРИМЕЧАНИЯ
Текст примечания На обл.: Звезда Рождества: основы православной культуры: 6 класс
500 10 - УНИФИЦИРОВАННОЕ ЗАГЛАВИЕ
Унифицированное заглавие Библия
Наименование раздела или части Н.З.
Сведения, относящиеся к заглавию/сведения о виде, жанре, характере документа Переработки
Системный номер авторитетной/нормативной записи 2631446
Идентификатор авторитетной / нормативной записи RU\NLR\auth\559434
512 1# - ЗАГЛАВИЕ ОБЛОЖКИ
Заглавие обложки Звезда Рождества
Сведения, относящиеся к заглавию основы православной культуры
-- 6 класс
606 1# - НАИМЕНОВАНИЕ ТЕМЫ КАК ПРЕДМЕТ
Наименование темы Православная культура
Формальный подзаголовок Учебные издания для средней школы
Системный номер авторитетной/нормативной записи 2326561
Идентификатор авторитетной/нормативной записи RU\NLR\auth\661391560
686 ## - ИНДЕКСЫ ДРУГИХ КЛАССИФИКАЦИЙ
Индекс Э372.24я72
701 #0 - ИМЯ ЛИЦА - АЛЬТЕРНАТИВНАЯ ОТВЕТСТВЕННОСТЬ
Код отношения Автор
Графика поля Кириллица
Материалы, к которым относится поле rus
Начальный элемент ввода Зиновий
Дополнения к именам, кроме дат Корзинкин, Анатолий Алексеевич
-- митрополит Саранский и Мордовский
Даты 1948-
Системный номер авторитетной/нормативной записи 122387
Идентификатор авторитетной/нормативной записи RU\NLR\AUTH\7712676
701 #1 - ИМЯ ЛИЦА - АЛЬТЕРНАТИВНАЯ ОТВЕТСТВЕННОСТЬ
Начальный элемент ввода Гатилова
Часть имени, кроме начального элемента ввода Н. Н.
Расширение инициалов личного имени Наталья Николаевна
Код отношения Автор
701 #1 - ИМЯ ЛИЦА - АЛЬТЕРНАТИВНАЯ ОТВЕТСТВЕННОСТЬ
Начальный элемент ввода Меньшиков
Часть имени, кроме начального элемента ввода В. М.
Расширение инициалов личного имени Владимир Михайлович
Код отношения Автор
701 #1 - ИМЯ ЛИЦА - АЛЬТЕРНАТИВНАЯ ОТВЕТСТВЕННОСТЬ
Код отношения Автор
Графика поля Кириллица
Материалы, к которым относится поле rus
Начальный элемент ввода Давыдова
Часть имени, кроме начального элемента ввода Н. В.
Дополнения к именам, кроме дат филолог
Расширение инициалов личного имени Наталья Владимировна
Системный номер авторитетной/нормативной записи 32294
Идентификатор авторитетной/нормативной записи RU\NLR\auth\7749359
702 #1 - ИМЯ ЛИЦА - ВТОРИЧНАЯ ОТВЕТСТВЕННОСТЬ
Начальный элемент ввода Меньшиков
Часть имени, кроме начального элемента ввода В. М.
Расширение инициалов личного имени Владимир Михайлович
Код отношения Редактор
801 #0 - ИСТОЧНИК ЗАПИСИ
Страна Российская Федерация
Организация NLR
Дата составления 20110301
Правила каталогизации RCR
801 #1 - ИСТОЧНИК ЗАПИСИ
Страна Российская Федерация
Организация NLR
Дата составления 20110301
942 ## - ДОПОЛНИТЕЛЬНЫЕ ЭЛЕМЕНТЫ ЗАПИСИ (АБИС)
Тип экземпляра АБИС Книга
980 ## - КОЛЛЕКЦИЯ
Название коллекции Национальная библиография
Экземпляры
Тип экземпляра Дата поступления Источник поступления Библиотека постоянного хранения Библиотека текущего хранения Место хранения Шифр хранения Штрих-код Статус экземпляра
Книга 01.03.2011 Обязательный экземпляр РНБ (Московский) РНБ (Московский) Русский книжный фонд: издания с 1957 года 2011-7/966 3365705  
Книга 01.03.2011 Обязательный экземпляр РНБ (Московский) РНБ (Московский) Обменный фонд   3365706